Famous Biologists in History - Statistics

General Stats
  • This quiz has been taken 66 times
  • The average score is 6 of 10
Answer Stats
Discovery/achievement Scientist % Correct
Proposed all species of life came from a single source Charles Darwin
84%
Discovered penicillin Alexander Fleming
82%
Two scientists often credited for the discovery of DNA James Watson
80%
Discovered that heating milk would increase its shelf life Louis Pasteur
80%
Francis Crick
76%
Created the first effective vaccine against smallpox Edward Jenner
56%
Believed to be the first to describe cells - also did work in physics Robert Hooke
56%
Discovered nucleic acid - many consider to be the actual scientist responsible for the discovery of DNA Friedrich Miescher
16%
Suggested all living things are composed of cells Theodor Schwann
16%
Marine biologist best known for their movement against pesticides Rachel Carson
11%
No matching quizzes found
Score Distribution
Percent of People with Each Score
Percentile by Number Answered
Your Score History
You have not taken this quiz